| 000 | 00933cab a2200265 4500 | ||
|---|---|---|---|
| 001 | X3192 | ||
| 008 | 090401t1996 xxu||||| |||| 00| 0 eng d | ||
| 035 | _a(Sirsi) u29079 | ||
| 041 | _aeng | ||
| 245 | _aTwinsectra Ltd v John Patrick Hynes | ||
| 260 | _c1996 | ||
| 350 | _a0 | ||
| 490 |
_aProperty and Compensation Reports _v1996 71 P&CR 145-157(11) |
||
| 520 | _aCA 2 March 1995. Breach of repairing covenant. Counterclaim for relief from foreiture. Transfer of lease. Action subsequently compromised. Leasehold enfranchisement. Effect of compromised action. (Taken fromm journal abstract) | ||
| 650 | _aENTITLEMENT | ||
| 650 | _aFORFEITURE | ||
| 650 | _aFREEHOLD | ||
| 650 | _aHYNES V TWINSECTRA LTD | ||
| 650 | _aLEASEHOLD ENFRANCHISEMENT | ||
| 650 | _aLEASEHOLD REFORM ACT 1967 PART 1 | ||
| 650 | _aREPAIRS | ||
| 690 | _aLANDLORD AND TENANT-CASE LAW-RESIDENTIAL TENANCIES | ||
| 942 | _n0 | ||
| 948 | _c04/03/1997 | ||
| 999 |
_c19574 _d19574 |
||